Evergreen,Garden Trees and Shrubs (Record no. 14696)

MARC details
000 -LEADER
fixed length control field 00400nam a22001577a 4500
003 - CONTROL NUMBER IDENTIFIER
control field OSt
005 - DATE AND TIME OF LATEST TRANSACTION
control field 20211025141458.0
008 - FIXED-LENGTH DATA ELEMENTS--GENERAL INFORMATION
fixed length control field 211025b |||||||| |||| 00| 0 eng d
020 ## - INTERNATIONAL STANDARD BOOK NUMBER
International Standard Book Number 07137 0621X
040 ## - CATALOGING SOURCE
Transcribing agency Hawassa University
050 ## - LIBRARY OF CONGRESS CALL NUMBER
Classification number 635.9/HUX
Item number 1
082 ## - DEWEY DECIMAL CLASSIFICATION NUMBER
Classification number 635.9/HUX
Item number 1
245 ## - TITLE STATEMENT
Title Evergreen,Garden Trees and Shrubs
260 ## - PUBLICATION, DISTRIBUTION, ETC.
Place of publication, distribution, etc. London
Name of publisher, distributor, etc. Blandford Press
Date of publication, distribution, etc. 1973
942 ## - ADDED ENTRY ELEMENTS (KOHA)
Source of classification or shelving scheme Dewey Decimal Classification
Koha item type Books like text book referance book
Suppress in OPAC No
Holdings
Withdrawn status Lost status Source of classification or shelving scheme Damaged status Not for loan Home library Current library Date acquired Full call number Barcode Date last seen Copy number Price effective from Koha item type Total Checkouts
    Dewey Decimal Classification     College of Agriculture Library College of Agriculture Library 10/25/2021 635.9/HUX ALIB0009342 10/25/2021 1 10/25/2021 Books like text book referance book  
    Dewey Decimal Classification     College of Agriculture Library College of Agriculture Library 10/25/2021 635.9/HUX ALIB0009343 10/25/2021 2 10/25/2021 Books like text book referance book